00271pab a2200121 454500008004000000100002000040245002400060260000900084300001300093362001100106650001700117773001500134180718b2006 xxu||||| |||| 00| 0 eng d aSen, Arup Kumar aThe lives of Gandhi c2006 ap.18-19. a30 Sep aGandhi, M.K. aMainstream